Úspešnosť absolventov vysokých škôl na trhu práce

Porovnanie nezamestnanosti absolventov slovenských a českých vysokých škôl a univerzít. Príčiny, ale aj možné riešenia daného stavu, najmä z pohľadu poskytovania ekonomického vzdelávania v košickom regióne. Úlohy vysokých škôl pri znižovaní neúspešnosti absolventov na trhu práce.

Salvato in:
Dettagli Bibliografici
Autore principale: Dubovická, Lenka
Natura: Capitolo di libro
Lingua:slovacco
Soggetti:
Tags: Aggiungi Tag
Nessun Tag, puoi essere il primo ad aggiungerne!!

MARC

LEADER 00000naa$a2200000$$$4500
001 0069738
005 20240502071836.9
041 0 |a slo 
044 |a SK 
245 1 0 |a Úspešnosť absolventov vysokých škôl na trhu práce  |c Lenka Dubovická 
520 |a Porovnanie nezamestnanosti absolventov slovenských a českých vysokých škôl a univerzít. Príčiny, ale aj možné riešenia daného stavu, najmä z pohľadu poskytovania ekonomického vzdelávania v košickom regióne. Úlohy vysokých škôl pri znižovaní neúspešnosti absolventov na trhu práce. 
610 2 0 |a školy vysoké 
610 2 0 |a univerzity 
610 2 0 |a absolventi 
610 2 0 |a trh práce 
610 2 0 |a nezamestnanosť 
610 2 0 |a Slovensko 
610 2 0 |a Česko 
610 2 0 |a Európska únia 
610 2 0 |a vzdelanie ekonomické 
100 1 |a Dubovická, Lenka